Catalog

Record Details

Catalog Search



CrossWise (WT.1247.8 g) Cover Image Equipment, games, toys Equipment, games, toys

CrossWise (WT.1247.8 g)

MindWare (Firm) (Added Author).

Summary:

Fast-paced game that has players thinking in all directions. Earn points by matching three of more Shape Tiles across rows while your opponents do the same in the columns.

Record details

  • Physical Description: 1 game (1 game board, 60 wooden tiles, score pad, instruction booklet) : cardboard, wood, color ; in box 27 x 27 x 7 cm.
  • Publisher: Roseville, MN : MindWare, ©2009.

Content descriptions

General Note:
Title from box lid.
2-4 players.
"Warning: choking hazard--small parts. Not for cildren under 3 years."--Box.
WT. 1247.8 g
Target Audience Note:
Ages 6 - Adult.
Language Note:
Instructions in English, Spanish, and French.
Subject: Matching games.
Arithmetic > Study and teaching (Elementary) > Activity programs.
Mathematics > Study and teaching (Elementary) > Activity programs.
Board games.
Educational games.
Genre: Puzzles and games.

Available copies

  • 1 of 1 copy available at scottsboropl.

Holds

  • 0 current holds with 1 total copy.
Show Only Available Copies
Location Call Number / Copy Notes Barcode Shelving Location Status Due Date
scottsboropl J REA Cro 32269001062465 Juvenile - Games Available -

LDR 01530crm a2200325Ia 4500
001147156
003SBPL
00520180627131747.0
008100816s2009 mnunnn a gneng d
035 . ‡a(CONS)147156
035 . ‡a(CPomAG)LMN606239
0410 . ‡aeng ‡geng ‡gspa ‡gfre
24500. ‡aCrossWise (WT.1247.8 g)
260 . ‡aRoseville, MN : ‡bMindWare, ‡c©2009.
300 . ‡a1 game (1 game board, 60 wooden tiles, score pad, instruction booklet) : ‡bcardboard, wood, color ; ‡cin box 27 x 27 x 7 cm.
500 . ‡aTitle from box lid.
500 . ‡a2-4 players.
500 . ‡a"Warning: choking hazard--small parts. Not for cildren under 3 years."--Box.
500 . ‡aWT. 1247.8 g
520 . ‡aFast-paced game that has players thinking in all directions. Earn points by matching three of more Shape Tiles across rows while your opponents do the same in the columns.
5211 . ‡aAges 6 - Adult.
546 . ‡aInstructions in English, Spanish, and French.
650 0. ‡aMatching games.
650 0. ‡aArithmetic ‡xStudy and teaching (Elementary) ‡xActivity programs.
650 0. ‡aMathematics ‡xStudy and teaching (Elementary) ‡xActivity programs.
650 0. ‡aBoard games.
650 0. ‡aEducational games.
655 7. ‡aPuzzles and games. ‡2lcgft
7102 . ‡aMindWare (Firm)
914 . ‡aSCP_kt ‡dLMN_cm
959 . ‡i32269001062465 ‡lREA Cro ‡aSTEM - Lab ‡tRealia ‡g25.00 ‡cItem must be checked out at the front desk. ‡dVerify booklet, gameboard, score pad, 60 tiles.
852 . ‡p32269001062465 ‡jREA Cro ‡gSTEM - Lab ‡cRealia ‡y25.00 ‡bSBPL
901 . ‡a147156 ‡bUnknown ‡c147156 ‡tbiblio

Additional Resources